000 00676nam a2200289Ia 4500
005 20260324122459.0
008 008 260324s9999 xx 000 0 eng d
020 _a9781351191517
037 _aEBOOK
040 _aCRL
040 _beng
040 _cCRL
041 _2eng
041 _aeng
084 _qCRL
100 _aFabio A. Camilletti
_91166608
245 0 _aLeopardi's Nymphs
245 0 _bGrace, Melancholy, and the Uncanny
260 _bTaylor and Francis
260 _c2013
365 _a
365 _b145
856 _uhttp://www.taylorfrancis.com/books/9781351191517
942 _cEBOOK
999 _c1759400
_d1759400